MARC details
| 000 -CABECERA |
| campo de control de longitud fija |
01864nam a2200253 a 4500 |
| 001 - NÚMERO DE CONTROL |
| campo de control |
000000315 |
| 005 - FECHA Y HORA DE LA ÚLTIMA TRANSACCIÓN |
| campo de control |
20240418073804.0 |
| 008 - DATOS DE LONGITUD FIJA--INFORMACIÓN GENERAL |
| campo de control de longitud fija |
081112s2002 dr a r 001 0 spa d |
| 020 ## - NÚMERO INTERNACIONAL ESTÁNDAR DEL LIBRO |
| Número Internacional Estándar del Libro |
8495193019 |
| 020 ## - NÚMERO INTERNACIONAL ESTÁNDAR DEL LIBRO |
| Número Internacional Estándar del Libro |
9788495193018 |
| 040 ## - FUENTE DE LA CATALOGACIÓN |
| Centro catalogador/agencia de origen |
DO-SdBNP |
| Lengua de catalogación |
spa |
| Centro/agencia transcriptor |
BNPHU |
| 082 ## - NÚMERO DE LA CLASIFICACIÓN DECIMAL DEWEY |
| Número de clasificación |
301 |
| Número de documento/Ítem |
D663i, 2002 |
| 100 1# - ENTRADA PRINCIPAL--NOMBRE DE PERSONA |
| Nombre de persona |
D'Oleo Ramírez, Frank. |
| 9 (RLIN) |
1060 |
| 245 10 - MENCIÓN DE TÍTULO |
| Título |
Introducción a la sociología : |
| Resto del título |
teoría y práctica aplicada a la sociedad dominicana / |
| Mención de responsabilidad, etc. |
Frank D'Oleo ; prólogo Danilo P. Climé. |
| 250 ## - MENCIÓN DE EDICIÓN |
| Mención de edición |
3a ed. |
| 260 ## - PUBLICACIÓN, DISTRIBUCIÓN, ETC. |
| Lugar de publicación, distribución, etc. |
Santo Domingo : |
| Nombre del editor, distribuidor, etc. |
Letra Gráfica, |
| Fecha de publicación, distribución, etc. |
2002. |
| 300 ## - DESCRIPCIÓN FÍSICA |
| Extensión |
253 p. : |
| Otras características físicas |
il. ; |
| Dimensiones |
21 cm. |
| 505 0# - NOTA DE CONTENIDO CON FORMATO |
| Título |
Prólogo - |
| -- |
Introducción -- |
| Información miscelánea |
Primera parte -- |
| Título |
Sociología: raíces, objeto y carácter científico -- |
| -- |
El origen de la sociología -- |
| -- |
Los padres fundadores de la sociología -- |
| -- |
Objeto de estudio de la sociología -- |
| -- |
La ciencia y la sociología -- |
| Información miscelánea |
Segunda parte -- |
| Título |
Teorías sociológicas y método de investigación social -- |
| -- |
La teoría funcionalista de la sociología -- |
| -- |
La teoría marxista de la sociología -- |
| -- |
La teoría positivista de la sociología y la objetividad de las ciencias sociales |
| -- |
La teoría sociológica del consenso y del conflicto social -- |
| -- |
Métodos de investigación sociológica -- |
| Información miscelánea |
Tercera parte -- |
| Título |
La sociología: estructura, dinámica, socialización e interacción social aplicada -- |
| -- |
El proceso de socialización y la personalidad -- |
| -- |
La cultura -- |
| -- |
Las instituciones sociales -- |
| -- |
Las agrupaciones sociales -- |
| -- |
Modos de producción: evolución histórica y caracterización económico-social -- |
| -- |
Clases sociales y estratificación social -- |
| -- |
Desigualdad social y pobreza -- |
| -- |
Glosario -- |
| -- |
Bibliografía. |
| 590 ## - NOTA LOCAL (RLIN) |
| Nota local |
Inventariado, 2018/VM |
| 650 #0 - PUNTO DE ACCESO ADICIONAL DE MATERIA--TÉRMINO DE MATERIA |
| Término de materia o nombre geográfico como elemento de entrada |
Sociología |
| 9 (RLIN) |
1061 |
| 650 #0 - PUNTO DE ACCESO ADICIONAL DE MATERIA--TÉRMINO DE MATERIA |
| Término de materia o nombre geográfico como elemento de entrada |
Clases sociales |
| 9 (RLIN) |
1062 |
| 700 1# - PUNTO DE ACCESO ADICIONAL--NOMBRE DE PERSONA |
| Nombre de persona |
Climé, Danilo P. |
| Término indicativo de función/relación |
pról. |
| 9 (RLIN) |
1063 |
| 910 ## - DATOS DE OPCIÓN DEL USUARIO (OCLC) |
| Datos de opción del usuario |
Validado. Control de calidad. MMOLINA |